000 01515nam0a22003011 4500
001 v19\rc\1789696
005 20061204170505.7
035 _a(NLR Aleph) 004881539
090 _a5175339
_c5175339
100 _a20061204e19051905|||y0rusy50 ca
101 0 _arus
102 _aRU
105 _ay z |||||
200 1 _aО распространении железа на постройках, как мере борьбы с пожарами
_eДокл. А.Н. Гвоздева
210 _aСанкт-Петербург
_cТ-во художеств. печати
_d[1905]
215 _a10 с.
_d26
300 _aВ сигнатуре: № 26
309 _aБез тит. л. и обл.
311 _aОтт. из изд.: Труды Съезда для выработки мероприятий к возможно-широкому распространению железа в России во всех его применениях. Спб., 1905
488 0 _12001#$aТруды Съезда для выработки мероприятий к возможно-широкому распространению железа в России во всех его применениях
_1210##$aСанкт-Петербург$d1905
700 1 _aГвоздев
_bА. Н.
_gАлександр Николаевич
801 0 _aRU
_bNLR
_gpsbo
801 0 _aRU
_bRuMoRGB
_2psbo
801 1 _aRU
_bProSoft-M
_2rusmarc
852 _aNLR
_j34.53.3.342
899 _aRuMoRGB
_jM 105/28 (№ 26)
942 _cBOOK
980 _aNB